[Event "21st Dubai Open 2019"]
[Site "Dubai"]
[Date "2019.04.04"]
[Round "4.18"]
[White "Quizon, Daniel"]
[Black "Ghaem Maghami, Ehsan"]
[Result "0-1"]
[WhiteElo "2340"]
[BlackElo "2531"]
[Annotator "TA"]
[PlyCount "197"]
[EventDate "2019.04.01"]
[EventType "swiss"]
[EventCountry "UAE"]
[SourceTitle "playchess.com"]
[Source "ChessBase"]
[SourceQuality "1"]

{[%evp 11,197,24,31,13,21,16,29,21,30,18,76,48,50,20,37,20,12,-43,-44,-36,-33,-36,0,0,0,0,0,0,2,25,8,9,0,-34,-33,-30,-35,-34,-24,-32,-35,-41,-33,-43,-32,-57,-48,-58,-47,-60,-60,-53,-35,-35,-29,-63,-65,-70,-25,-63,-47,-50,-44,-73,-69,-86,-77,-129,-138,-125,-140,-138,-134,-138,-139,-157,-160,-160,-160,-161,-161,-166,-177,-172,-132,-181,-143,-140,-142,-184,0,-156,0,-183,-181,-179,-171,-275,-103,-132,-42,-78,0,-118,-28,-63,53,0,0,0,0,0,0,0,0,0,19,0,0,0,40,40,42,40,7,0,0,-22,46,36,43,15,94,73,110,42,44,0,129,21,54,54,91,24,188,180,243,237,394,371,437,329,301,319,281,236,1069,1061,957,693,633,622,867,860,848,804,1013,984,1095,1070,1022,873,556,541,532,525,518,510,507,503,502,493,454,310,303,0,293,276]} 1. e4 c5 2. Nc3 a6 3. Nge2 b5 4. d4 cxd4 5. Nxd4 Bb7 6. a3 e6 7. g3 {B43: Sicilian: Kan Variation: 5 Nc3} Nc6 8. Bg2 (8. Nxc6 Bxc6 9. Bg2 Bc5 10. O-O Ne7 11. Bf4 Rc8 12. Qh5 Bd4 13. Bd6 Bxc3 14. bxc3 O-O {½-½ (60) Abdusattorov,N (2518)-Kamsky,G (2677) Reykjavik 2018}) 8... Nge7 9. Nb3 {White has an edge.} Nc8 10. O-O d6 (10... Be7 $11) 11. Qe2 $146 ({Predecessor:} 11. a4 b4 12. Ne2 Be7 13. a5 O-O 14. c3 Rb8 {½-½ (26) Lillo Castany,V (2382)-Oratovsky,M (2494) Pontevedra 2017}) 11... Be7 12. Rd1 Qc7 13. Bf4 Bf6 14. Nc5 (14. Qd3 $11) 14... Nd4 $15 15. Qd3 Qxc5 16. e5 $1 Bxg2 (16... dxe5 {with more complications.} 17. Bxb7 Ra7 18. Ne4 Qxc2 19. Bxc8 Qxd3 20. Rxd3 Ke7) 17. exf6 Bb7 18. fxg7 Rg8 19. Qxd4 Qxd4 (19... Qc6 $5 20. Kf1 $8 Ne7 $15) 20. Rxd4 e5 21. Re1 {next Bh6 is good for White.} Ne7 22. Rd2 ({Don't play} 22. Rxd6 exf4 23. Rb6 Bf3 $17) 22... Rxg7 23. Be3 Nf5 24. Kf1 Rc8 25. Ke2 f6 26. f3 Rd7 27. Ne4 Ke7 28. Bf2 Rc4 29. Kd1 h5 30. b3 Rc8 31. h3 Bxe4 (31... Ke6 {looks sharper.} 32. g4 hxg4 33. hxg4 Nh6 34. Kc1 Nf7) 32. fxe4 Ng7 33. Rd3 Ne6 34. Be3 Rcd8 35. Ke2 Rg8 36. Rg1 Rc7 37. Kd2 Rgc8 38. Rc1 Rc6 39. Rd5 (39. c3 $142) 39... Rg8 $1 $17 {[%cal Rg8g3]} 40. Rg1 Nc7 41. Rd3 Ke6 $1 42. Bf2 d5 43. Re1 Rc8 44. Kc1 dxe4 45. Rxe4 Nd5 46. Rd2 Rc3 47. Kb2 Rf3 48. Re1 Rc6 49. Rh1 Nc3 50. Re1 Nd5 51. Rh1 $1 Nc3 52. Re1 a5 53. g4 Rxh3 54. g5 (54. gxh5 $142 Rxh5 55. Bg1) 54... f5 $2 (54... fxg5 $19 {is more deadly.} 55. Bd4 e4) 55. g6 Ne4 (55... Rc8 $1 $17 {Hoping for ...Ne4.} 56. Rd3 Rxd3 57. cxd3 b4 58. axb4 axb4) 56. Rd8 $1 $15 Rc7 (56... Kf6 $17 57. Rg1 Rc7) 57. Re8+ (57. Bb6 $11 Rg7 58. Re8+ Re7 59. Ra8) 57... Kf6 (57... Re7 $1 $17 {[%cal Re7e8]} 58. Rxe7+ Kxe7) 58. Bb6 $11 Rg7 (58... Rc6 $1 $15 59. Rg1 Rg3 60. Rxg3 Nxg3 61. Bxa5 f4 62. Bd8+ Kxg6 63. Rxe5 Rc8) 59. Bxa5 (59. Bd8+ $14 Kxg6 60. Re6+ Kh7 61. Rxe5 {[%mdl 64] Double Attack}) 59... h4 60. Bd8+ Kxg6 61. Rxe5 Rd7 62. Re8 Rd2 {White must now prevent ...Rc3.} 63. Ba5 {R1xe4 is the strong threat.} Rf2 64. Rg1+ Rg3 {Threatens to win with ...Kf7.} 65. Rh1 Rgg2 66. Rg8+ Kh5 67. Rh8+ Kg6 $132 {[%mdl 2048] Black is not keeping still} 68. Rc1 Nc5 69. Kb1 {aiming for Bb6.} Ne4 (69... Re2 $11) 70. Rxh4 $14 f4 71. Bb6 Rf3 (71... Nc3+ $11 72. Kb2 Nd1+ 73. Ka1 (73. Rxd1 Rxc2+ 74. Kb1 Rb2+ {[%mdl 64] Double Attack} 75. Ka1 Ra2+ {[%mdl 64] Double Attack} 76. Kb1 Rab2+ 77. Ka1 Ra2+ {[%mdl 64] Double Attack} 78. Kb1 Rab2+ $11) 73... Ne3 74. Bxe3 fxe3) 72. Rh8 Kf7 73. Rh7+ (73. Kb2 $16) 73... Kg6 74. Rh8 ({Better is} 74. Rc7 $14) 74... Kf7 $1 $16 75. Bd4 (75. Kb2 $16) 75... Nd2+ 76. Ka1 {And now Re1 would win.} Re2 77. Rh5 ({White should play} 77. Rh6 $1 $16) 77... Re4 $2 (77... Rxb3 $1 $11 78. cxb3 Nxb3+ 79. Kb1 Nxd4) 78. Bb2 $1 $18 b4 {[#]} (78... Rf1 $142) 79. a4 $1 {[%cal Ba3a4,Ba4a5,Ba5a6,Ba6a7][%mdl 32]} Rf1 $2 (79... Re8 80. Rb5 Kg6 81. Rxb4 Kf5) 80. a5 Kg6 81. Rd5 Rxc1+ 82. Bxc1 {[%mdl 4096] Endgame KRB-KRN} Nf1 83. a6 f3 $2 (83... Ne3 84. Ra5 Re8) 84. a7 Re8 85. Rd1 Nh2 {intending ...f2.} 86. Bf4 f2 87. Bg3 ({And not} 87. Bxh2 Re1 $11) 87... Ng4 {[#]} 88. Rf1 $1 {[%cal Rf1f2]} Ra8 89. Bxf2 Nxf2 90. Rxf2 Rxa7+ {KR-KR} 91. Kb2 Kg5 92. Rf8 Re7 93. Kc1 Rd7 94. Rf2 Rd8 95. Rf7 Rd6 96. Rf1 Rd8 97. Kb2 Rd7 98. Rf2 $2 (98. Kb1 $18 Rh7 99. c4) 98... Rd8 $2 {[%mdl 8192]} (98... Ra7 $1 $11 {and Black has nothing to worry.}) 99. Re2 {[%mdl 32768] Accuracy: White = 53%, Black = 47%. . Loss on time!?} 0-1

[Event "21st Dubai Open 2019"]
[Site "Dubai"]
[Date "2019.04.04"]
[Round "4.19"]
[White "Sanal, Vahap"]
[Black "Sidhant, Mohapatra"]
[Result "1-0"]
[WhiteElo "2513"]
[BlackElo "2348"]
[Annotator "TA RC"]
[PlyCount "32"]
[EventDate "2019.04.01"]
[EventType "swiss"]
[EventCountry "UAE"]
[SourceTitle "playchess.com"]
[Source "ChessBase"]
[SourceQuality "1"]

{[%evp 24,28,23,20,23,22,25]} 1. e4 e5 2. Nf3 Nf6 3. Nxe5 d6 4. Nf3 Nxe4 5. Nc3 Nxc3 6. dxc3 Be7 7. Be3 Nc6 8. Qd2 Be6 9. O-O-O {C42: Petroff Defence: 3 Nxe5 and unusual White 3rd moves} Qd7 10. Kb1 (10. a3 a6 11. h4 Bf6 12. Ng5 O-O-O 13. Nxe6 fxe6 14. g3 d5 15. Bh3 Kb8 16. Rhe1 Rhe8 {0-1 (35) Vachier Lagrave,M (2780)-Duda,J (2738) chess.com INT 2019}) 10... Bf6 11. Ng5 Bxg5 12. Bxg5 f6 13. Be3 {LiveBook: 4 Games} a6 14. h3 O-O-O {[#]} {Predecessor:} 15. Be2 $146 Rhe8 16. Rhe1 Qf7 {1-0 (45) Solodovnichenko,Y (2531)-Danin,A (2539) Cesme 2018} 1-0

[Event "21st Dubai Open 2019"]
[Site "Dubai"]
[Date "2019.04.04"]
[Round "4.20"]
[White "Naboka, Sergey"]
[Black "Iniyan, P."]
[Result "0-1"]
[WhiteElo "2327"]
[BlackElo "2512"]
[Annotator "TA"]
[PlyCount "66"]
[EventDate "2019.04.01"]
[EventType "swiss"]
[EventCountry "UAE"]
[SourceTitle "playchess.com"]
[Source "ChessBase"]
[SourceQuality "1"]

{[%evp 15,66,-15,-20,-27,-28,-16,-25,-26,-26,-8,-8,-18,0,-70,-79,-65,-65,-72,-76,-87,-71,-81,-78,-125,-51,-131,-140,-117,-62,-185,-141,-142,-127,-132,-114,-116,-125,-354,-352,-326,-342,-330,-329,-296,-287,-685,-671,-1205,-1168,-29988,-29989,-29990,-29988]} 1. e4 c5 2. Nf3 d6 3. d4 cxd4 4. Nxd4 a6 5. Nc3 e6 6. Be2 b5 7. O-O Bb7 8. a3 Nf6 9. f3 {B84: Sicilian Scheveningen: 6 Be2 a6, lines without early Be3} (9. Bd3 Nbd7 10. Qe2 Be7 11. f4 Qc7 12. Kh1 h5 13. Nf3 h4 14. e5 dxe5 15. fxe5 Nh5 16. Be4 Bc5 17. Be3 Nxe5 18. Bxb7 Ng4 19. Ng5 Qxh2# {0-1 (19) Hossain,E (2485)-Ni,H (2681) Cebu 2007}) 9... Nbd7 {[%cal Bb8d7,Bd7e5,Be5c4,Bc4e3][%mdl 32]} 10. Be3 Be7 11. Qe1 {Black has an edge.} O-O 12. Rd1 Rc8 13. Qg3 Ne5 14. f4 (14. a4 $11) 14... Rxc3 $146 {[%mdl 64] Remove Defender} ({Predecessor:} 14... Nc4 15. Bxc4 Rxc4 16. e5 Nh5 17. Qh3 g6 18. f5 Bg5 19. fxe6 dxe5 20. exf7+ Rxf7 21. Ne6 Bxe3+ 22. Qxe3 Rxf1+ 23. Rxf1 Qe8 24. Qxe5 Nf4 25. Qg7# {1-0 (25) Cawdery,D (2179)-Allen,A (2264) ICC INT 2000}) 15. bxc3 Nxe4 {[%mdl 64] Double Attack} 16. Qh3 Nc4 17. Bd3 {aiming for Nxe6!} Nxe3 18. Qxe3 Qa8 19. Rde1 {[%cal Rd3e4]} d5 ({Black should play} 19... Nf6 $1 $17 20. Qh3 Qc8) 20. Qh3 (20. Bxe4 $15 dxe4 21. Ra1) 20... Bxa3 $17 21. Kh1 Bc5 (21... g6 $17 22. Ra1 Bb2 {[%mdl 64] Double Attack}) 22. Re3 (22. f5 $1 $15) 22... Qa7 23. f5 {f6! is the strong threat.} exf5 24. Nxf5 {Black must now prevent Bxe4.} Bc8 $1 {[%cal Rc8f5]} (24... Bxe3 $6 25. Ne7+ Kh8 26. Ng6+ $1 {[%mdl 512]} Kg8 27. Nxf8 $11) 25. Bxe4 {[#] White wants to mate with Ne7+!} g6 $1 ({Don't play} 25... dxe4 $6 26. Rxe4 g6 27. Qg3 $11 (27. Nh6+ Kg7 $11)) 26. Rg3 $2 ({Wrong is} 26. Nh6+ $2 Kg7 $19) (26. Ree1 $17 dxe4 27. Qg3 (27. Nh6+ $2 Kg7 $19)) 26... dxe4 $19 27. Nh6+ {[#]} Kg7 $1 28. Nf5+ Bxf5 (28... Kh8 $2 29. Qh4 $17) 29. Qxf5 Qe7 30. Qd5 $2 (30. Rg5 Bd6 31. Rg4) 30... Rd8 31. Qc6 e3 32. Rgf3 e2 33. Rxf7+ Kg8 {Accuracy: White = 38%, Black = 67%.} 0-1

[Event "21st Dubai Open 2019"]
[Site "Dubai"]
[Date "2019.04.04"]
[Round "4.21"]
[White "Visakh N R"]
[Black "Ranaldi, Lucas"]
[Result "1-0"]
[WhiteElo "2509"]
[BlackElo "2275"]
[Annotator "TA"]
[PlyCount "121"]
[EventDate "2019.04.01"]
[EventType "swiss"]
[EventCountry "UAE"]
[SourceTitle "playchess.com"]
[Source "ChessBase"]
[SourceQuality "1"]

{[%evp 32,121,19,13,8,19,39,40,40,45,40,28,45,36,37,25,16,9,29,29,28,22,22,22,22,18,27,20,50,39,81,79,81,76,111,121,114,81,81,81,81,81,81,81,87,75,87,91,140,138,144,132,139,79,374,357,330,342,316,161,151,144,132,112,108,61,61,61,61,61,102,8,22,74,367,322,1214,1209,1002,1191,838,1133,1071,1100,1091,1054,750,576,29980,29981,29981,29982]} 1. e4 c6 2. d4 d5 3. Nd2 dxe4 4. Nxe4 Bf5 5. Ng3 Bg6 6. h4 {[%cal Bh2h4,Bh4h5][%mdl 32]} h6 7. Nf3 Nd7 8. h5 Bh7 9. Bd3 Bxd3 10. Qxd3 e6 11. Bd2 Ngf6 12. O-O-O Be7 13. Ne4 Nxe4 14. Qxe4 Nf6 {B19: Classical Caro-Kann: 4...Bf5 main line} 15. Qd3 (15. Qe2 Qd5 16. Kb1 Qe4 17. Qxe4 Nxe4 {½-½ (17) Bacallao Alonso,Y (2582)-Iturrizaga Bonelli,E (2628) Buenos Aires 2018}) 15... O-O 16. Kb1 Qd5 17. Ne5 {LiveBook: 7 Games} c5 18. Be3 Rac8 19. c4 Qe4 20. Qxe4 Nxe4 21. dxc5 $146 ({Predecessor:} 21. d5 Bd6 22. f4 exd5 23. Rxd5 {0-1 (34) Magnusdottir,V (1595)-Thorsteinsdottir,H (1967) Reykjavik 2014}) 21... Bxc5 22. Bxc5 Nxc5 23. Rd4 Rfd8 24. Rhd1 Rxd4 25. Rxd4 $11 {[%mdl 4096] Endgame KRN-KRN} a5 26. f3 Kf8 27. b3 Ke7 28. Kc2 Rc7 29. Kc3 Na6 30. a3 Nb8 31. b4 axb4+ 32. axb4 Nc6 33. Nxc6+ $1 Rxc6 $16 {KR-KR} 34. c5 b5 35. Rd1 Ra6 36. Kb3 Ke8 37. g3 {[%cal Bg2g3,Bg3g4,Bg4g5,Bg5g6][%mdl 32]} Ke7 38. g4 Ke8 39. f4 Ke7 40. g5 $1 Ke8 41. Rg1 Kf8 42. g6 f6 $2 {[%mdl 8192]} (42... e5 $16 {was worth a try.}) 43. Rc1 $18 Ke7 44. c6 $1 {[%cal Rc6c7] Threatens to win with c7.} Ra8 45. Rc5 (45. Kc3 $142 $1 Kd6 46. Kd4) 45... Kd6 46. c7 ({Reject} 46. Rxb5 $6 Kxc6 47. Rc5+ Kb6 $11) 46... Rc8 47. Rxb5 Rxc7 48. Rb8 e5 49. fxe5+ fxe5 50. Re8 Kd5 {[#]} 51. b5 (51. Rf8 $1 $16) 51... e4 $1 $11 52. Kb4 Kd4 $2 {[%mdl 8192]} (52... Rc1 $16) 53. b6 $18 Rc1 $2 (53... Rc2 54. Re7 Rb2+ 55. Ka5 Kc5 56. Rc7+ (56. Rxe4 Ra2+ 57. Ra4 Rb2 $11) 56... Kd6) 54. Kb5 Rb1+ 55. Kc6 Rc1+ 56. Kd7 Rb1 57. Kc7 Rc1+ {[#]} 58. Kb8 $1 e3 59. b7 Rb1 60. Kc7 Rc1+ 61. Kd7 {Accuracy: White = 69%, Black = 47%.} 1-0

[Event "21st Dubai Open 2019"]
[Site "Dubai"]
[Date "2019.04.04"]
[Round "4.22"]
[White "Sindarov, Javokhir"]
[Black "Kunal, M.."]
[Result "1-0"]
[WhiteElo "2495"]
[BlackElo "2273"]
[Annotator "TA"]
[PlyCount "89"]
[EventDate "2019.04.01"]
[EventType "swiss"]
[EventCountry "UAE"]
[SourceTitle "playchess.com"]
[Source "ChessBase"]
[SourceQuality "1"]

{[%evp 9,89,8,24,17,31,27,50,48,43,14,50,16,22,30,19,23,70,62,91,83,105,92,149,164,153,161,186,180,183,190,189,181,232,182,261,225,233,174,174,179,157,146,216,201,233,212,195,165,155,155,159,137,149,149,136,140,117,129,103,109,217,215,312,312,556,576,1106,1091,1607,1568,29986,29985,29987,29988,29988,29989,29989,29990,29990,29991,29991,29992]} 1. e4 c6 2. d4 d5 3. f3 dxe4 4. fxe4 e5 5. Nf3 Bg4 6. c3 {B12: Caro-Kann: Advance Variation} Nd7 7. Bd3 Bd6 8. O-O {White is slightly better.} Ngf6 9. h3 (9. a4 O-O 10. Nbd2 Re8 11. Nc4 Bc7 12. Qc2 exd4 13. cxd4 Bxf3 14. Rxf3 {½-½ (30) Popilski,G (2529)-Nakamura,H (2816) Las Vegas 2015}) 9... Bh5 10. Bg5 $146 ({Predecessor:} 10. Nbd2 O-O 11. Nc4 Qc7 12. Qc2 Bg6 13. Bg5 {1-0 (40) Hou,Y (2575)-Danielian,E (2521) Rostov on Don 2011}) 10... h6 11. Bh4 g5 12. Bg3 g4 13. hxg4 Nxg4 {[#] White must now prevent ...Ne3.} 14. Qe1 Qc7 15. Nbd2 Nb6 ({Black should try} 15... f6) 16. a4 $16 a5 17. c4 {Threatens to win with c5.} c5 18. d5 Nd7 19. Nh4 O-O-O 20. Nb1 {[%cal Bd2b1,Bb1c3,Bc3b5][%mdl 32]} Be7 (20... Qb6 $142 21. Nf5 Bf8) 21. Nc3 Bg5 (21... Bg6 {was worth a try.} 22. Nf5 Bxf5) 22. Nb5 $18 Qb6 23. Nf5 Bg6 24. Ra3 Bxf5 25. Rxf5 ({Don't take} 25. exf5 $6 h5 $14) 25... Rdg8 (25... f6 $16 {is a better defense.} 26. Bc2 h5) 26. Be2 h5 27. Bxg4 hxg4 28. Rb3 {And now Rxe5 would win.} f6 29. Kf2 Bf4 30. Qd1 Bxg3+ 31. Rxg3 Rh4 32. d6 Kb8 33. Qd5 $36 {[%mdl 2048] White is on the roll.} Rgh8 34. Rb3 {Nd4 is the strong threat.} Kc8 (34... Rc8 $16) 35. Kg3 Rh1 (35... R4h7 {was necessary.} 36. Rf1 Rh2) 36. Kxg4 Ra1 $2 (36... Kb8 {keeps fighting.} 37. Nd4 Qa6) 37. Rh5 Rf8 38. Rh7 f5+ 39. Kg3 Rxa4 40. Qe6 {[%mdl 64] Double Attack. White mates.} Rd8 {[#]} 41. Rxd7 $1 {[%mdl 576] Deflection} Rxd7 42. Qe8+ Rd8 43. d7+ Kb8 44. Qxe5+ {[%mdl 64] Double Attack} Ka8 45. Nc7+ {Accuracy: White = 88%, Black = 43%.} 1-0

[Event "21st Dubai Open 2019"]
[Site "Dubai"]
[Date "2019.04.04"]
[Round "4.23"]
[White "Nguyen, Anh Khoi"]
[Black "Poormosavi, Seyed Kian"]
[Result "1-0"]
[WhiteElo "2481"]
[BlackElo "2260"]
[Annotator "TA"]
[PlyCount "155"]
[EventDate "2019.04.01"]
[EventType "swiss"]
[EventCountry "UAE"]
[SourceTitle "playchess.com"]
[Source "ChessBase"]
[SourceQuality "1"]

{[%evp 23,155,20,37,31,32,35,37,17,20,20,20,18,31,39,29,21,32,26,16,6,27,30,51,56,78,76,76,80,80,86,60,60,52,55,86,86,98,81,81,81,81,81,90,69,66,73,74,41,41,49,54,114,250,226,214,0,0,0,0,0,0,0,0,0,0,0,0,0,8,0,8,8,8,8,8,8,4,4,4,4,4,4,4,4,29953,29956,29956,29957,29955,29959,29961,29961,29961,29962,29965,29965,29967,29967,29965,29966,29967,29971,29968,29971,29970,29973,29973,29974,29974,29975,29976,29977,29977,29977,29978,29978,29978,29977,29977,29978,29978,29979,29978,29979,29979,29980,29980,29981,29984,29985,29986,29986,29987,29988]} 1. d4 Nf6 2. c4 g6 3. Nc3 d5 4. Bg5 Ne4 5. Bh4 Nxc3 6. bxc3 Bg7 7. e3 c5 8. cxd5 Qxd5 9. Nf3 Nc6 {[%cal Bb8c6,Bc6b4,Bb4d3][%mdl 32]} 10. Be2 cxd4 11. cxd4 Qa5+ {D91: Grünfeld: 4 Nf3 Bg7 5 Bg5} 12. Qd2 Qxd2+ {LiveBook: 13 Games} 13. Nxd2 (13. Kxd2 e5 14. d5 Na5 15. Rac1 Bd7 16. Rc7 f6 17. Rhc1 g5 18. Nxg5 fxg5 19. Bxg5 {0-1 (35) Shankland,S (2725)-Corrales Jimenez,F (2559) chess.com INT 2019}) 13... e5 {White is slightly better.} 14. d5 $146 ({Predecessor:} 14. dxe5 Nxe5 15. O-O O-O 16. Rab1 b6 17. Rbc1 Be6 18. Rc7 Rfc8 19. Rfc1 Rxc7 20. Rxc7 {1-0 (54) Svenn,G (2345)-Carlhammar,M (2285) Gothenburg 1989}) 14... Nb4 {Strongly threatening ...Nc2+.} 15. Bb5+ Bd7 $1 {[%cal Rd7b5]} 16. Bxd7+ Kxd7 17. Rb1 Nd3+ 18. Ke2 Nc5 19. a4 Rhc8 20. a5 Rc7 21. Rb4 Na6 22. Rb5 Nc5 23. Rc1 $36 {[%mdl 2048] White has some pressure.} Rac8 24. d6 Kxd6 {[#]} 25. Rcxc5 $1 {[%mdl 512]} Rxc5 26. Ne4+ Kd5 27. Nxc5 Rxc5 28. Rxb7 $14 {[%mdl 4096] Endgame KRB-KRB} e4 29. Rxf7 Be5 30. Rxa7 Rc2+ 31. Kd1 Ra2 32. Rd7+ Kc4 33. f4 Bc3 34. Bd8 h5 35. g3 (35. h4 {is interesting.} Kb4 36. Rd6 Kc4 37. g3 Kb3 38. Bb6) 35... Bxa5 36. Bxa5 Rxa5 {KR-KR} 37. Ke2 {Threatens to win with Rd4+.} Kc3 (37... Kc5 $16 38. Rd4 Ra2+ 39. Kf1 Rxh2 40. Rxe4 Kd5) 38. Rc7+ $18 Kb3 39. Re7 $2 (39. Rc6 $18) 39... Ra2+ $11 40. Kf1 Kc3 {With the idea ...Kd3.} 41. Rxe4 Kd3 $1 {[%cal Rd3e4]} 42. Re6 {Black must now prevent h4.} Rxh2 43. Kg1 Ra2 44. Rxg6 {Hoping for Re6.} Kxe3 45. f5 Ra7 46. Rg5 {And now Kg2 would win.} Kf3 47. f6 {aiming for Rf5+.} Rf7 48. Kh2 Rxf6 49. Kh3 Rh6 50. Ra5 Ke3 51. Ra4 Rg6 52. Rf4 Rh6 53. Kh4 Rg6 $2 {[%mdl 8192] [#]} (53... Rh8 $11) 54. Rf5 {White mates.} Rg4+ 55. Kh3 Rg8 56. Rxh5 Rf8 57. g4 {[%cal Bg3g4,Bg4g5,Bg5g6,Bg6g7][%mdl 32]} Kf4 58. Kh4 Rf7 59. Rh6 Rf8 60. Kh5 Rg8 61. Rf6+ Ke5 62. g5 Rh8+ 63. Kg6 Rg8+ 64. Kh6 Rh8+ 65. Kg7 Ra8 66. g6 Ra1 67. Rf2 Ke6 68. Kg8 Ra8+ 69. Kh7 Ra1 70. g7 Rh1+ 71. Kg8 Ke7 72. Re2+ Kd7 73. Re4 Kd6 74. Kf7 Rf1+ 75. Kg6 Rg1+ 76. Kf6 Rg2 77. Rd4+ Kc7 78. Rd5 {Precision: White = 83%, Black = 47%.} 1-0

[Event "21st Dubai Open 2019"]
[Site "Dubai"]
[Date "2019.04.04"]
[Round "4.24"]
[White "Bharath Subramaniyam H"]
[Black "Vignesh N R"]
[Result "1/2-1/2"]
[WhiteElo "2301"]
[BlackElo "2457"]
[Annotator "TA"]
[PlyCount "50"]
[EventDate "2019.04.01"]
[EventType "swiss"]
[EventCountry "UAE"]
[SourceTitle "playchess.com"]
[Source "ChessBase"]
[SourceQuality "1"]

{[%evp 20,50,0,0,0,0,0,0,-7,-39,72,0,33,33,33,35,66,-24,-21,-14,60,64,89,89,127,127,122,123,115,116,124,0,0]} 1. e4 c5 2. Nf3 d6 3. d4 cxd4 4. Nxd4 Nf6 5. Nc3 Nc6 6. Be2 e5 7. Nb3 Be7 8. O-O O-O 9. Be3 Be6 10. Qd2 a5 {[%cal Ba7a5,Ba5a4,Ba4a3][%mdl 32]} 11. Rad1 a4 {B59: Classical Sicilian: 6 Be2 e5 7 Nb3} 12. Nc1 a3 13. b3 Qa5 (13... Rc8 14. Bf3 Nb4 15. Nd5 Bxd5 16. Qxb4 Bc6 17. Ne2 Qe8 18. Ng3 d5 19. Qa5 {½-½ (61) Katz,A (2433)-Le,Q (2714) Burlingame 2019}) 14. f3 Nb4 $146 {[#]} (14... Rfc8 $15 {keeps the upper hand.}) ({Predecessor:} 14... Rfc8 15. Nd5 Bxd5 16. exd5 Nb4 17. c4 b5 18. Qe1 bxc4 19. bxc4 {½-½ (68) Nikologorsky,M (2262)-Gabrielian,A (2490) Moscow 2019}) 15. Nd3 (15. Na4 $1 $16 {Hoping for Bb6.} Nd7 16. c4) 15... Nxd3 16. Bxd3 ({Much worse is} 16. Qxd3 Rac8 $11) 16... Rfc8 17. Na4 {Nb6 is the strong threat.} Qxd2 18. Bxd2 (18. Rxd2 $14 Rxa4 19. bxa4) 18... d5 $11 19. exd5 Bxd5 (19... Nxd5 $11 20. Be4 f5 21. Bxd5 Bxd5) 20. Rfe1 $1 $14 Rxa4 21. bxa4 e4 {White should prevent ...Bc5+.} 22. c4 ({Of course not} 22. fxe4 $6 Bxa2 23. a5 Ng4 $11) 22... Bc6 23. Bc2 Bc5+ 24. Be3 Bb4 25. Bd2 (25. Rf1 $16) 25... Bc5+ $1 1/2-1/2

[Event "21st Dubai Open 2019"]
[Site "Dubai"]
[Date "2019.04.04"]
[Round "4.25"]
[White "Ravi, Thandalam Shanmugam"]
[Black "Aditya Mittal"]
[Result "0-1"]
[WhiteElo "2276"]
[BlackElo "2457"]
[Annotator "TA"]
[PlyCount "84"]
[EventDate "2019.04.01"]
[EventType "swiss"]
[EventCountry "UAE"]
[SourceTitle "playchess.com"]
[Source "ChessBase"]
[SourceQuality "1"]

{[%evp 18,84,22,20,41,-1,-1,0,-3,-14,-14,-9,-6,-10,-13,-31,-47,-84,-78,-89,-89,-100,-87,-89,-69,-91,-60,-73,-51,-79,-77,-73,-83,-80,-78,-158,-155,-159,-154,-157,-161,-387,-381,-370,-291,-258,-254,-254,-231,-246,-196,-208,-204,-400,-400,-396,-387,-387,-398,-397,-397,-386,-389,-453,-453,-453,-453,-573,-561]} 1. e4 c5 2. c3 d5 3. exd5 Qxd5 4. d4 Nf6 5. Nf3 e6 6. Be2 Be7 7. O-O O-O 8. c4 Qd8 9. Nc3 cxd4 10. Nxd4 a6 {B22: Sicilian: 2 c3} (10... e5 11. Nc2 Nc6 12. Bg5 Be6 13. Ne3 Nd4 14. Bf3 Qa5 15. a3 Rad8 16. Bxf6 Bxf6 17. Ned5 Qa6 18. Nxf6+ gxf6 19. Bd5 b5 20. cxb5 Nxb5 21. Qd3 {½-½ (21) Zhigalko,S (2587)-Dreev,A (2688) Moscow 2009}) 11. Bf3 Qc7 {next ...Rd8 is good for Black.} 12. Qe2 Rd8 {The position is equal.} 13. Be3 e5 14. Nb3 Be6 15. Nd2 $146 ({Predecessor:} 15. c5 Nc6 {1-0 (44) Nikel,R (1980)-Baranek,J (2163) Slovakia 2010}) 15... Nc6 16. Rac1 Rac8 17. Rfd1 Nd4 18. Bxd4 exd4 19. Nce4 d3 20. Qe3 b5 {[%cal Rb5c4,Bb7b5,Bb5b4,Bb4a3,Ba3a2][%mdl 32]} 21. b3 Qe5 $40 {[%mdl 128] Black mounts an attack.} 22. Nxf6+ Bxf6 23. Qxe5 Bxe5 24. Bb7 Rc7 25. Bxa6 b4 $1 26. c5 ({White should try} 26. Bb5) 26... Bb2 $1 $17 {[%cal Rb2c1]} 27. Rb1 {[#]} Bc3 $1 28. Bc4 Bf5 29. a3 $2 (29. h3 {keeps fighting.}) 29... bxa3 $19 30. b4 {White hopes to continue with Rb3.} Ra7 31. b5 a2 32. Ra1 Bxa1 33. Rxa1 {intending b6.} Be6 34. b6 Re7 {aiming for ...Bxc4.} 35. c6 $2 (35. Bxe6 Rxe6 36. g3) 35... Bxc4 36. Nxc4 {[%mdl 4096] Endgame And now g3 would win. KRR-KRN} Rde8 {( -> ...Re1+)} (36... d2 $2 {[#]} 37. Nxd2 $1 {[%mdl 512]} Re6 38. c7 $19) 37. Ne3 Re6 38. Rxa2 {b7 is the strong threat.} Rxc6 39. b7 Rb6 40. Ra8 {[%cal Ra8e8]} Rb1+ {Black is clearly winning.} 41. Nf1 {[%cal Ra8e8]} Kf8 42. f3 Rxb7 {Accuracy: White = 40%, Black = 76%.} 0-1